Vzory cvičení na prijímacie testy z cudzích jazykov
Uložené v:
| Médium: | Kniha |
|---|---|
| Jazyk: | Slovak |
| Vydavateľské údaje: |
Bratislava
EU
1993
|
| Vydanie: | 1. vyd. |
| Predmet: | |
| Tagy: |
Žiadne tagy, Buďte prvý, kto otaguje tento záznam!
|
MARC
| LEADER | 00000nam a2200000 4500 | ||
|---|---|---|---|
| 001 | c002331 | ||
| 005 | 20221214083209.3 | ||
| 020 | |a 80-225-0497-1 | ||
| 041 | 0 | |a slo | |
| 044 | |a SK | ||
| 245 | 1 | 0 | |a Vzory cvičení na prijímacie testy z cudzích jazykov |
| 250 | |a 1. vyd. | ||
| 264 | 1 | |a Bratislava |b EU |c 1993 | |
| 300 | |a 32 s. | ||
| 610 | 2 | 0 | |a skúšky prijímacie |
| 610 | 2 | 0 | |a školy vysoké |
| 610 | 2 | 0 | |a testy |
| 610 | 2 | 0 | |a jazykoveda |